| 000 | 01381cam a22002894a 4500 | ||
|---|---|---|---|
| 999 |
_c329048 _d329048 |
||
| 001 | 12954323 | ||
| 003 | Nust | ||
| 005 | 20170421104947.0 | ||
| 008 | 021001s2002 dcua b 000 0 eng | ||
| 010 | _a 2002113906 | ||
| 020 | _a1569735247 | ||
| 035 | _a(DLC) 2002113906 | ||
| 040 |
_aDLC _cDLC _dDLC |
||
| 042 | _apcc | ||
| 050 | 0 | 0 |
_aQC981.8.C5 _bB852 2002 |
| 082 | 0 | 0 |
_a363.7387 KEV _221 |
| 245 | 0 | 0 |
_aBuilding on the Kyoto Protocol : _boptions for protecting the climate / _cEdited by Kevin A. Baumert ; with Odile Blanchard, Silvia Llosa, James F. Perkaus. |
| 246 | 3 | 0 | _aOptions for protecting the climate |
| 260 |
_a[Washington, D.C.] : _bWorld Resources Institute, _cc2002. |
||
| 300 |
_aviii, 252 p. : _bill. ; _c23 cm. |
||
| 500 | _aP.B | ||
| 504 | _aIncludes bibliographical references (p. [237]-248). | ||
| 630 | 0 | 0 |
_aUnited Nations Framework Convention on Climate Change _d(1992). _kProtocols, etc., _d1997 December 11. |
| 650 | 0 |
_aClimatic changes _xGovernment policy. |
|
| 650 | 0 |
_aGreenhouse gas mitigation _xInternational cooperation. |
|
| 700 | 1 | _aBaumert, Kevin A. | |
| 906 |
_a7 _bcbc _corignew _d2 _eepcn _f20 _gy-gencatlg |
||
| 942 |
_2ddc _cBK _k363.7387 KEV |
||